Politická inteligence aneb Budeme žít ve světě sdílené moci

Moderná doba si žiada politickú inteligenciu. Lídri s politickou inteligenciou. Prečo je politická inteligencia stále dôležitejšia.Vytváranie zdieľanej hodnoty. Zaostávanie štátu v roli partnera. Mäkká moc potrebuje otvorené prostredie. Účelová empatia. Keď prestávajú platiť dohody. Dôvera a etické...

Ausführliche Beschreibung

Gespeichert in:
Bibliographische Detailangaben
1. Verfasser: Kejhová, Hana
Format: Buchkapitel
Sprache:Tschechisch
Schlagworte:
Tags: Tag hinzufügen
Keine Tags, Fügen Sie das erste Tag hinzu!

MARC

LEADER 00000naa a2200000 4500
001 0201696
005 20231211122234.6
041 0 |a cze 
044 |a CZ 
245 1 0 |a Politická inteligence aneb Budeme žít ve světě sdílené moci  |c Hana Kejhová 
520 |a Moderná doba si žiada politickú inteligenciu. Lídri s politickou inteligenciou. Prečo je politická inteligencia stále dôležitejšia.Vytváranie zdieľanej hodnoty. Zaostávanie štátu v roli partnera. Mäkká moc potrebuje otvorené prostredie. Účelová empatia. Keď prestávajú platiť dohody. Dôvera a etické správanie partnerov. Ako rozvíjať politickú inteligenciu vo firme. 
610 2 0 |a inteligencia 
610 2 0 |a lídri 
610 2 0 |a manažéri 
610 2 0 |a partneri obchodní 
610 2 0 |a spolupráca podnikov 
610 2 0 |a riadenie 
100 1 |a Kejhová, Hana